Couleur dominante des photos - Statistiques

Statistiques générales
  • Ce quiz a été pris 133 fois
  • Le résultat moyen est 11 sur 11
Statistiques - réponses
Par images Réponse % Correct
Bleu
100%
Orange
100%
Rouge
100%
Blanc
99%
Gris
99%
Noir
99%
Vert
99%
Violet
99%
Jaune
98%
Marron
98%
Rose
95%
Aucun quiz correspondant
Distribution des résultats
% des personnes avec chaque résultat
Percentile par nombre de réponses
Votre historique - résultats
Vous n’avez pas pris ce quiz